00387nam a2200157Ia 4500003000400000005001700004008004100021050002700062100001800089245004200107260003500149300002400184440000600208521000700214526000800221OSt20140311163112.0140130s9999 xx 000 0 und d aPZ 7b.Al42528Dan 2001 aAllen, Debbie aDancing in the wings /cAllen, Debbie bScholastic,c2001.aNew York : bcol. ill. ;c28 cm. v1 aG3 c540